[Event "Bundesliga 9697"]
[Site "Deutschland"]
[Date "1997.??.??"]
[Round "?.7"]
[White "Dudek, Richard"]
[Black "Kern, Guido"]
[Result "1-0"]
[WhiteElo "2305"]
[BlackElo "2410"]
[PlyCount "53"]
[EventDate "1996.10.??"]
[EventType "team"]
[EventRounds "15"]
[EventCountry "GER"]
[SourceTitle "Bundesliga 9697"]
[Source "DeepChess"]
[SourceDate "2005.01.01"]
[SourceVersion "1"]
[SourceVersionDate "2005.01.01"]
[SourceQuality "1"]
[WhiteTeam "SC Eppingen e.V."]
[BlackTeam "PSV/BSV Wuppertal 1921 e.V."]
[WhiteTeamCountry "GER"]
[BlackTeamCountry "GER"]

1. e4 c5 2. Nc3 e6 3. g3 d5 4. exd5 exd5 5. Bg2 Nf6 6. Nge2 d4 7. Ne4 Nxe4 8.
Bxe4 Nd7 9. c3 Nf6 10. Bg2 d3 11. Nf4 Bd6 12. O-O O-O 13. Nxd3 Bxg3 14. fxg3
Qxd3 15. Qf3 Qxf3 16. Bxf3 Rd8 17. b3 Bh3 18. Bxb7 Rab8 19. Bg2 Bxg2 20. Kxg2
Ne4 21. Re1 Nxd2 22. Re2 Nxb3 23. axb3 Rxb3 24. Rc2 Rb7 25. Be3 Rd5 26. Ra5 Rc7
27. c4 1-0

[Event "Bundesliga 9697"]
[Site "Deutschland"]
[Date "1997.??.??"]
[Round "?.8"]
[White "Florath, Patrick"]
[Black "Staiger, Frank"]
[Result "1/2-1/2"]
[WhiteElo "2280"]
[BlackElo "2290"]
[PlyCount "22"]
[EventDate "1996.10.??"]
[EventType "team"]
[EventRounds "15"]
[EventCountry "GER"]
[SourceTitle "Bundesliga 9697"]
[Source "DeepChess"]
[SourceDate "2005.01.01"]
[SourceVersion "1"]
[SourceVersionDate "2005.01.01"]
[SourceQuality "1"]
[WhiteTeam "PSV/BSV Wuppertal 1921 e.V."]
[BlackTeam "SC Eppingen e.V."]
[WhiteTeamCountry "GER"]
[BlackTeamCountry "GER"]

1. e4 e5 2. Bc4 Nc6 3. d3 Nf6 4. Nf3 Be7 5. O-O O-O 6. Re1 d6 7. c3 a6 8. Bb3
Na5 9. Bc2 c5 10. d4 Qc7 11. d5 b5 1/2-1/2

[Event "Bundesliga 9697"]
[Site "Deutschland"]
[Date "1997.??.??"]
[Round "?.1"]
[White "Schebler, Gerhard"]
[Black "Piket, Jeroen"]
[Result "0-1"]
[WhiteElo "2435"]
[BlackElo "2640"]
[PlyCount "46"]
[EventDate "1996.10.??"]
[EventType "team"]
[EventRounds "15"]
[EventCountry "GER"]
[SourceTitle "Bundesliga 9697"]
[Source "DeepChess"]
[SourceDate "2005.01.01"]
[SourceVersion "1"]
[SourceVersionDate "2005.01.01"]
[SourceQuality "1"]
[WhiteTeam "PSV/BSV Wuppertal 1921 e.V."]
[BlackTeam "SG 1868 Aljech. Solingen"]
[WhiteTeamCountry "GER"]
[BlackTeamCountry "GER"]

1. d4 Nf6 2. Nf3 e6 3. g3 b5 4. c3 Bb7 5. e3 a6 6. Bg2 d6 7. O-O Nbd7 8. b3 Be7
9. Nbd2 c5 10. Bb2 O-O 11. Qe2 Ne4 12. Nxe4 Bxe4 13. Nd2 Bxg2 14. Kxg2 Qb6 15.
e4 Rfc8 16. Rfe1 cxd4 17. cxd4 Rc2 18. Rab1 Bg5 19. Red1 Qa5 20. Nc4 Rxe2 21.
Nxa5 Rc8 22. Re1 Rxe1 23. Rxe1 Bd2 0-1

[Event "Bundesliga 9697"]
[Site "Deutschland"]
[Date "1997.??.??"]
[Round "?.2"]
[White "Gabriel, Christian"]
[Black "Hausrath, Daniel"]
[Result "1-0"]
[WhiteElo "2570"]
[BlackElo "2425"]
[PlyCount "69"]
[EventDate "1996.10.??"]
[EventType "team"]
[EventRounds "15"]
[EventCountry "GER"]
[SourceTitle "Bundesliga 9697"]
[Source "DeepChess"]
[SourceDate "2005.01.01"]
[SourceVersion "1"]
[SourceVersionDate "2005.01.01"]
[SourceQuality "1"]
[WhiteTeam "SG 1868 Aljech. Solingen"]
[BlackTeam "PSV/BSV Wuppertal 1921 e.V."]
[WhiteTeamCountry "GER"]
[BlackTeamCountry "GER"]

1. d4 Nf6 2. c4 g6 3. Nc3 Bg7 4. e4 d6 5. f4 O-O 6. Nf3 c5 7. dxc5 Qa5 8. Bd3
Qxc5 9. Qe2 Bg4 10. Be3 Qa5 11. O-O Nc6 12. Rac1 Nd7 13. Qf2 Bxf3 14. gxf3 Nc5
15. Bb1 Na4 16. Nd1 Nc5 17. Kh1 Rac8 18. Rg1 Rfe8 19. h4 Qc7 20. Qd2 Ne6 21.
Nc3 Ned4 22. Qf2 Qd7 23. Rg3 Bf6 24. Qh2 e6 25. h5 Kg7 26. Rd1 Rh8 27. Qd2 e5
28. Nd5 Bh4 29. f5 Qd8 30. Rh3 Kf8 31. Rg1 Ke8 32. hxg6 fxg6 33. fxg6 Kd7 34.
g7 Rg8 35. Qh2 1-0

[Event "Bundesliga 9697"]
[Site "Deutschland"]
[Date "1997.??.??"]
[Round "?.3"]
[White "Kern, Guido"]
[Black "Bischoff, Klaus"]
[Result "1/2-1/2"]
[WhiteElo "2410"]
[BlackElo "2550"]
[PlyCount "52"]
[EventDate "1996.10.??"]
[EventType "team"]
[EventRounds "15"]
[EventCountry "GER"]
[SourceTitle "Bundesliga 9697"]
[Source "DeepChess"]
[SourceDate "2005.01.01"]
[SourceVersion "1"]
[SourceVersionDate "2005.01.01"]
[SourceQuality "1"]
[WhiteTeam "PSV/BSV Wuppertal 1921 e.V."]
[BlackTeam "SG 1868 Aljech. Solingen"]
[WhiteTeamCountry "GER"]
[BlackTeamCountry "GER"]

1. c4 e5 2. g3 Nf6 3. Bg2 d5 4. cxd5 Nxd5 5. Nf3 Nc6 6. O-O Nb6 7. b3 g6 8. Nc3
Bg7 9. Ba3 f5 10. Rc1 Be6 11. d3 Qd7 12. b4 a6 13. Nd2 Nd8 14. Nb3 Bxb3 15.
Qxb3 c6 16. Rfd1 Ne6 17. e3 Rd8 18. Bb2 O-O 19. a4 Rf7 20. Ba3 Nd5 21. b5 f4
22. bxc6 bxc6 23. Nxd5 cxd5 24. Bh3 fxe3 25. fxe3 Qe8 26. Rf1 Ng5 1/2-1/2

[Event "Bundesliga 9697"]
[Site "Deutschland"]
[Date "1997.??.??"]
[Round "?.4"]
[White "Lau, Ralf"]
[Black "Schiffer, Kai Uwe"]
[Result "0-1"]
[WhiteElo "2500"]
[BlackElo "2340"]
[PlyCount "90"]
[EventDate "1996.10.??"]
[EventType "team"]
[EventRounds "15"]
[EventCountry "GER"]
[SourceTitle "Bundesliga 9697"]
[Source "DeepChess"]
[SourceDate "2005.01.01"]
[SourceVersion "1"]
[SourceVersionDate "2005.01.01"]
[SourceQuality "1"]
[WhiteTeam "SG 1868 Aljech. Solingen"]
[BlackTeam "PSV/BSV Wuppertal 1921 e.V."]
[WhiteTeamCountry "GER"]
[BlackTeamCountry "GER"]

1. e4 e5 2. Nf3 Nc6 3. Bb5 f5 4. Nc3 fxe4 5. Nxe4 d5 6. Nxe5 dxe4 7. Nxc6 Qg5
8. Qe2 Nf6 9. f4 Qxf4 10. d4 Qh4+ 11. g3 Qh3 12. Ne5+ c6 13. Bc4 Be6 14. Bg5
Bd6 15. O-O-O O-O-O 16. Rdf1 Rhe8 17. Bxf6 gxf6 18. Nf7 Rd7 19. Rxf6 Bxc4 20.
Qxc4 Bxg3 21. d5 Qg2 22. Rd1 Qxh2 23. Rxc6+ Kb8 24. Rf6 Bf4+ 25. Kb1 Rxf7 26.
Rxf7 Qh5 27. Rxb7+ Kxb7 28. Qc6+ Kb8 29. Qb5+ Kc8 30. Qc6+ Bc7 31. Qa8+ Bb8 32.
Qc6+ Kd8 33. Qf6+ Re7 34. Re1 Qxd5 35. Qh8+ Kc7 36. a4 Qd2 37. Rh1 e3 38. Qf6
Qd6 39. Qc3+ Kd7 40. Qc4 e2 41. Qg4+ Kc7 42. Re1 Kb7 43. b3 Qf4 44. Qg2+ Qe4
45. Qg5 a6 0-1

[Event "Bundesliga 9697"]
[Site "Deutschland"]
[Date "1997.??.??"]
[Round "?.5"]
[White "Florath, Patrick"]
[Black "Podzielny, Karl Heinz"]
[Result "0-1"]
[WhiteElo "2280"]
[BlackElo "2490"]
[PlyCount "50"]
[EventDate "1996.10.??"]
[EventType "team"]
[EventRounds "15"]
[EventCountry "GER"]
[SourceTitle "Bundesliga 9697"]
[Source "DeepChess"]
[SourceDate "2005.01.01"]
[SourceVersion "1"]
[SourceVersionDate "2005.01.01"]
[SourceQuality "1"]
[WhiteTeam "PSV/BSV Wuppertal 1921 e.V."]
[BlackTeam "SG 1868 Aljech. Solingen"]
[WhiteTeamCountry "GER"]
[BlackTeamCountry "GER"]

1. e4 c5 2. c3 e6 3. d4 Nf6 4. e5 Nd5 5. Nf3 cxd4 6. cxd4 b6 7. Nc3 Bb7 8. Bd3
Be7 9. O-O O-O 10. Re1 d6 11. a3 Nxc3 12. bxc3 Nd7 13. Qe2 Rc8 14. Bb2 Qc7 15.
exd6 Bxd6 16. h3 Bd5 17. Nd2 Bh2+ 18. Kh1 Bf4 19. Rad1 Nf6 20. Ne4 Nxe4 21.
Bxe4 Rfd8 22. g3 Bh6 23. Kg2 g6 24. f4 Bf8 25. Qf3 Bb3 0-1

[Event "Bundesliga 9697"]
[Site "Deutschland"]
[Date "1997.??.??"]
[Round "?.6"]
[White "Schaefer, Markus"]
[Black "Kistella, Roman"]
[Result "1-0"]
[WhiteElo "2435"]
[BlackElo "2275"]
[PlyCount "131"]
[EventDate "1996.10.??"]
[EventType "team"]
[EventRounds "15"]
[EventCountry "GER"]
[SourceTitle "Bundesliga 9697"]
[Source "DeepChess"]
[SourceDate "2005.01.01"]
[SourceVersion "1"]
[SourceVersionDate "2005.01.01"]
[SourceQuality "1"]
[WhiteTeam "SG 1868 Aljech. Solingen"]
[BlackTeam "PSV/BSV Wuppertal 1921 e.V."]
[WhiteTeamCountry "GER"]
[BlackTeamCountry "GER"]

1. e4 c5 2. Nf3 d6 3. d4 cxd4 4. Nxd4 Nf6 5. Nc3 Nc6 6. f4 e6 7. Be3 a6 8. Be2
Be7 9. O-O O-O 10. Kh1 Qc7 11. Qe1 Bd7 12. Qg3 Nxd4 13. Bxd4 Bc6 14. e5 dxe5
15. Bxe5 Qc8 16. Bd3 Ne8 17. Ne2 Bf6 18. Nd4 Bxe5 19. fxe5 b5 20. Qh3 g6 21.
Rf4 f5 22. exf6 e5 23. Nf5 gxf5 24. Bxf5 Qb7 25. Rg4+ Kh8 26. Rg7 Bxg2+ 27.
Qxg2 Qxg2+ 28. Rxg2 Nxf6 29. Re1 Rae8 30. Rge2 e4 31. Bxe4 Nxe4 32. Rxe4 Rxe4
33. Rxe4 Rf2 34. Re8+ Kg7 35. Rc8 Kg6 36. Rc5 Kf6 37. b4 Ke6 38. Kg1 Rd2 39.
Rc7 h5 40. a3 Kd6 41. Ra7 Rxc2 42. Rxa6+ Ke5 43. Rh6 Rc1+ 44. Kg2 Rc2+ 45. Kg3
Rc3+ 46. Kh4 Rxa3 47. Rxh5+ Kf4 48. Rxb5 Rb3 49. Rb8 Kf5 50. b5 Kg6 51. Kg4
Rb4+ 52. Kf3 Kf5 53. b6 Rb3+ 54. Ke2 Kf6 55. Kd2 Kg7 56. Kc2 Rb5 57. Kc3 Kh7
58. Kc4 Rb2 59. Kc5 Rxh2 60. Rd8 Rc2+ 61. Kd6 Rd2+ 62. Kc7 Rc2+ 63. Kb8 Kg7 64.
b7 Kf7 65. Rc8 Rh2 66. Kc7 1-0

[Event "Bundesliga 9697"]
[Site "Deutschland"]
[Date "1997.??.??"]
[Round "?.7"]
[White "Dresen, Ulrich"]
[Black "Reeh, Oliver"]
[Result "1/2-1/2"]
[WhiteElo "2260"]
[BlackElo "2410"]
[PlyCount "46"]
[EventDate "1996.10.??"]
[EventType "team"]
[EventRounds "15"]
[EventCountry "GER"]
[SourceTitle "Bundesliga 9697"]
[Source "DeepChess"]
[SourceDate "2005.01.01"]
[SourceVersion "1"]
[SourceVersionDate "2005.01.01"]
[SourceQuality "1"]
[WhiteTeam "PSV/BSV Wuppertal 1921 e.V."]
[BlackTeam "SG 1868 Aljech. Solingen"]
[WhiteTeamCountry "GER"]
[BlackTeamCountry "GER"]

1. d4 Nf6 2. Bg5 e6 3. Nf3 c5 4. e3 Be7 5. Nbd2 b6 6. c3 Bb7 7. Bd3 d5 8. Ne5
Nfd7 9. Bxe7 Qxe7 10. f4 O-O 11. O-O f5 12. Qe2 Nc6 13. b3 Rac8 14. Rfc1 Ndxe5
15. dxe5 g5 16. Nf3 g4 17. Nd2 Rcd8 18. a3 Rf7 19. b4 c4 20. Bc2 a6 21. a4 Nb8
22. Nb1 h5 23. Na3 Bc6 1/2-1/2

[Event "Bundesliga 9697"]
[Site "Deutschland"]
[Date "1997.??.??"]
[Round "?.8"]
[White "Norwood, David"]
[Black "Ritter, Joerg"]
[Result "1-0"]
[WhiteElo "2520"]
[BlackElo "1780"]
[PlyCount "63"]
[EventDate "1996.10.??"]
[EventType "team"]
[EventRounds "15"]
[EventCountry "GER"]
[SourceTitle "Bundesliga 9697"]
[Source "DeepChess"]
[SourceDate "2005.01.01"]
[SourceVersion "1"]
[SourceVersionDate "2005.01.01"]
[SourceQuality "1"]
[WhiteTeam "SG 1868 Aljech. Solingen"]
[BlackTeam "PSV/BSV Wuppertal 1921 e.V."]
[WhiteTeamCountry "GER"]
[BlackTeamCountry "GER"]

1. Nf3 d5 2. g3 c5 3. Bg2 Nc6 4. O-O Nf6 5. d3 h6 6. Nbd2 Bf5 7. c4 d4 8. a3 e5
9. b4 cxb4 10. axb4 Bxb4 11. Nxe5 O-O 12. Nxc6 bxc6 13. Bxc6 Bxd2 14. Qxd2 Bh3
15. Re1 Rc8 16. Bf3 Qd7 17. Qa5 Rfe8 18. Bf4 Re7 19. c5 Qe6 20. Bd6 Rd7 21. Qb4
Ne8 22. Qxd4 Nxd6 23. cxd6 a5 24. Qh4 g5 25. Qh5 g4 26. Be4 Qxd6 27. Qxa5 Rcc7
28. Qf5 Rd8 29. Ra5 Rdc8 30. Qh7+ Kf8 31. Qh8+ Ke7 32. Re5+ 1-0

[Event "Bundesliga 9697"]
[Site "Deutschland"]
[Date "1996.??.??"]
[Round "?.2"]
[White "Smagin, Sergey"]
[Black "Emms, John M"]
[Result "1-0"]
[WhiteElo "2580"]
[BlackElo "2500"]
[PlyCount "81"]
[EventDate "1996.10.??"]
[EventType "team"]
[EventRounds "15"]
[EventCountry "GER"]
[SourceTitle "Bundesliga 9697"]
[Source "DeepChess"]
[SourceDate "2005.01.01"]
[SourceVersion "1"]
[SourceVersionDate "2005.01.01"]
[SourceQuality "1"]
[WhiteTeam "SG Bochum 31"]
[BlackTeam "PSV/BSV Wuppertal 1921 e.V."]
[WhiteTeamCountry "GER"]
[BlackTeamCountry "GER"]

1. e4 c5 2. Nf3 e6 3. c3 d5 4. exd5 exd5 5. d4 Bd6 6. Bb5+ Bd7 7. dxc5 Bxb5 8.
cxd6 Qxd6 9. a4 Bd7 10. O-O Ne7 11. Na3 O-O 12. Nb5 Bxb5 13. axb5 Nd7 14. Re1
Rfc8 15. Nd4 Nf8 16. Qg4 Re8 17. h4 Qg6 18. Qh3 Qd6 19. Bg5 f6 20. Bd2 Kf7 21.
Qg4 Qd7 22. Qf3 a6 23. bxa6 Rxa6 24. Rxa6 bxa6 25. h5 h6 26. b4 Nc6 27. Rxe8
Kxe8 28. Qe2+ Kf7 29. Nb3 Qf5 30. Qxa6 Qb1+ 31. Kh2 Ne7 32. Nd4 Qd1 33. Qe2 Qa4
34. b5 Qa7 35. Bf4 Qd7 36. Bg3 Nc8 37. c4 dxc4 38. Qxc4+ Ke7 39. Qc5+ Kf7 40.
Qc4+ Ke7 41. b6 1-0

[Event "Bundesliga 9697"]
[Site "Deutschland"]
[Date "1996.??.??"]
[Round "?.3"]
[White "Summerscale, Aaron"]
[Black "Nijboer, Friso"]
[Result "0-1"]
[WhiteElo "2500"]
[BlackElo "2525"]
[PlyCount "66"]
[EventDate "1996.10.??"]
[EventType "team"]
[EventRounds "15"]
[EventCountry "GER"]
[SourceTitle "Bundesliga 9697"]
[Source "DeepChess"]
[SourceDate "2005.01.01"]
[SourceVersion "1"]
[SourceVersionDate "2005.01.01"]
[SourceQuality "1"]
[WhiteTeam "PSV/BSV Wuppertal 1921 e.V."]
[BlackTeam "SG Bochum 31"]
[WhiteTeamCountry "GER"]
[BlackTeamCountry "GER"]

1. d4 Nf6 2. c4 g6 3. Nc3 Bg7 4. e4 d6 5. f4 c5 6. d5 O-O 7. Nf3 e6 8. Be2 exd5
9. cxd5 Re8 10. e5 dxe5 11. fxe5 Ng4 12. Bg5 Qb6 13. Qd2 Nxe5 14. O-O-O Bf5 15.
Nxe5 Bxe5 16. g4 Bxc3 17. Qxc3 Rxe2 18. gxf5 Nd7 19. d6 Qb4 20. Qxb4 cxb4 21.
Rhe1 Rae8 22. Be7 Rxe1 23. Rxe1 f6 24. Kc2 gxf5 25. Kb3 Kf7 26. Rc1 Rg8 27. Rc7
Ke6 28. Kxb4 f4 29. Rc4 Ne5 30. Re4 f3 31. Kc3 Rg4 32. Re1 f2 33. Rf1 Rg2 0-1

[Event "Bundesliga 9697"]
[Site "Deutschland"]
[Date "1996.??.??"]
[Round "?.4"]
[White "Schmittdiel, Eckhard"]
[Black "Ward, Christopher"]
[Result "1/2-1/2"]
[WhiteElo "2440"]
[BlackElo "2460"]
[PlyCount "88"]
[EventDate "1996.10.??"]
[EventType "team"]
[EventRounds "15"]
[EventCountry "GER"]
[SourceTitle "Bundesliga 9697"]
[Source "DeepChess"]
[SourceDate "2005.01.01"]
[SourceVersion "1"]
[SourceVersionDate "2005.01.01"]
[SourceQuality "1"]
[WhiteTeam "SG Bochum 31"]
[BlackTeam "PSV/BSV Wuppertal 1921 e.V."]
[WhiteTeamCountry "GER"]
[BlackTeamCountry "GER"]

1. e4 c5 2. c4 Nc6 3. Nc3 g6 4. d3 Bg7 5. g3 d6 6. Bg2 e6 7. Nge2 Nge7 8. a3
Rb8 9. Rb1 b6 10. O-O O-O 11. b4 Bb7 12. Bf4 Ne5 13. h3 Qd7 14. Be3 Rbc8 15. f4
N5c6 16. Bf2 f5 17. bxc5 dxc5 18. e5 Rcd8 19. Qa4 Nc8 20. Rfd1 Rf7 21. d4 Nxd4
22. Bxd4 Qxa4 23. Nxa4 cxd4 24. Rxd4 Re8 25. Bxb7 Rxb7 26. c5 Bf8 27. Rd3 Rc7
28. cxb6 Nxb6 29. Nxb6 axb6 30. Kf1 Bc5 31. Nc3 Ra7 32. Nb5 Ra5 33. Rbb3 Kg7
34. h4 Re7 35. Rd8 Kh6 36. Kg2 Ra4 37. Kf3 Rc4 38. Rd2 Kh5 39. Nd6 Rc1 40. Nb5
Rf1+ 41. Kg2 Rg1+ 42. Kf3 Rf1+ 43. Kg2 Ra1 44. Kf3 Rf1+ 1/2-1/2

[Event "Bundesliga 9697"]
[Site "Deutschland"]
[Date "1996.??.??"]
[Round "?.5"]
[White "Schebler, Gerhard"]
[Black "Ankerst, Mihael"]
[Result "1/2-1/2"]
[WhiteElo "2425"]
[BlackElo "2355"]
[PlyCount "85"]
[EventDate "1996.10.??"]
[EventType "team"]
[EventRounds "15"]
[EventCountry "GER"]
[SourceTitle "Bundesliga 9697"]
[Source "DeepChess"]
[SourceDate "2005.01.01"]
[SourceVersion "1"]
[SourceVersionDate "2005.01.01"]
[SourceQuality "1"]
[WhiteTeam "PSV/BSV Wuppertal 1921 e.V."]
[BlackTeam "SG Bochum 31"]
[WhiteTeamCountry "GER"]
[BlackTeamCountry "GER"]

1. e4 c5 2. Nf3 e6 3. d4 cxd4 4. Nxd4 Nf6 5. Nc3 Nc6 6. Nxc6 bxc6 7. e5 Nd5 8.
Ne4 Ba6 9. c4 Bb4+ 10. Bd2 Qh4 11. Qf3 f5 12. Nd6+ Bxd6 13. cxd5 Bxf1 14. exd6
Bc4 15. dxc6 Bd5 16. cxd7+ Kxd7 17. Qe2 Rhc8 18. O-O Qe4 19. Qxe4 Bxe4 20. f3
Bd3 21. Rfe1 Rc2 22. Bc3 Bc4 23. Be5 Rc8 24. Rad1 g5 25. Rc1 Bd5 26. Rxc2 Rxc2
27. h3 h5 28. a3 g4 29. hxg4 hxg4 30. Re3 f4 31. Bxf4 Rxb2 32. Rc3 Bc6 33. Rc5
gxf3 34. gxf3 Rb5 35. Rc3 Rf5 36. Bg3 e5 37. Re3 Kxd6 38. Rxe5 Rxe5 39. Kf2 Kd5
40. Bxe5 Kxe5 41. Ke3 Bb5 42. Kd2 Kd4 43. Kc2 1/2-1/2

[Event "Bundesliga 9697"]
[Site "Deutschland"]
[Date "1996.??.??"]
[Round "?.6"]
[White "Backwinkel, Paul"]
[Black "Hausrath, Daniel"]
[Result "1/2-1/2"]
[WhiteElo "2400"]
[BlackElo "2440"]
[PlyCount "29"]
[EventDate "1996.10.??"]
[EventType "team"]
[EventRounds "15"]
[EventCountry "GER"]
[SourceTitle "Bundesliga 9697"]
[Source "DeepChess"]
[SourceDate "2005.01.01"]
[SourceVersion "1"]
[SourceVersionDate "2005.01.01"]
[SourceQuality "1"]
[WhiteTeam "SG Bochum 31"]
[BlackTeam "PSV/BSV Wuppertal 1921 e.V."]
[WhiteTeamCountry "GER"]
[BlackTeamCountry "GER"]

1. d4 Nf6 2. c3 g6 3. Bg5 Bg7 4. Nd2 d6 5. Ngf3 O-O 6. e3 b6 7. a4 Bb7 8. a5 c5
9. Be2 Nbd7 10. O-O Qc7 11. Qb1 Rac8 12. Re1 Rfe8 13. axb6 axb6 14. Bb5 Ra8 15.
Qd3 1/2-1/2

[Event "Bundesliga 9697"]
[Site "Deutschland"]
[Date "1996.??.??"]
[Round "?.7"]
[White "Hetey, Laszlo"]
[Black "Buenermann, Volker"]
[Result "1-0"]
[WhiteElo "2410"]
[BlackElo "2350"]
[PlyCount "97"]
[EventDate "1996.10.??"]
[EventType "team"]
[EventRounds "15"]
[EventCountry "GER"]
[SourceTitle "Bundesliga 9697"]
[Source "DeepChess"]
[SourceDate "2005.01.01"]
[SourceVersion "1"]
[SourceVersionDate "2005.01.01"]
[SourceQuality "1"]
[WhiteTeam "PSV/BSV Wuppertal 1921 e.V."]
[BlackTeam "SG Bochum 31"]
[WhiteTeamCountry "GER"]
[BlackTeamCountry "GER"]

1. d4 Nf6 2. c4 g6 3. Nc3 Bg7 4. e4 d6 5. Nf3 O-O 6. Be2 e5 7. d5 Na6 8. Nd2
Bd7 9. a3 c6 10. O-O Ne8 11. b4 c5 12. Rb1 b6 13. Rb3 f5 14. exf5 gxf5 15. f4
e4 16. b5 Nac7 17. Bb2 Kh8 18. Qe1 Rg8 19. Nd1 Bxb2 20. Rxb2 a6 21. a4 axb5 22.
axb5 Qf6 23. Nb3 Ng7 24. Qc3 Nge8 25. Qxf6+ Nxf6 26. Nc3 Kg7 27. Ra1 Rxa1+ 28.
Nxa1 Ra8 29. Nc2 h5 30. Rb1 Be8 31. Kf2 Bg6 32. Ra1 Rxa1 33. Nxa1 Nd7 34. Kg3
Ne8 35. Nc2 Nef6 36. Ne3 Ng4 37. Nf1 Ngf6 38. h3 Kh6 39. Kh4 Bh7 40. Na4 Bg6
41. Ng3 Kg7 42. Nc3 Nf8 43. Nd1 Bh7 44. Ne3 Ne8 45. Bxh5 Bg6 46. Nexf5+ Kf6 47.
Ne3 Ng7 48. Bxg6 Nxg6+ 49. Kg4 1-0

[Event "Bundesliga 9697"]
[Site "Deutschland"]
[Date "1996.??.??"]
[Round "?.8"]
[White "De Gleria, Francesco"]
[Black "Kern, Guido"]
[Result "0-1"]
[WhiteElo "2350"]
[BlackElo "2340"]
[PlyCount "66"]
[EventDate "1996.10.??"]
[EventType "team"]
[EventRounds "15"]
[EventCountry "GER"]
[SourceTitle "Bundesliga 9697"]
[Source "DeepChess"]
[SourceDate "2005.01.01"]
[SourceVersion "1"]
[SourceVersionDate "2005.01.01"]
[SourceQuality "1"]
[WhiteTeam "SG Bochum 31"]
[BlackTeam "PSV/BSV Wuppertal 1921 e.V."]
[WhiteTeamCountry "GER"]
[BlackTeamCountry "GER"]

1. e4 e6 2. d4 d5 3. Nd2 c5 4. exd5 exd5 5. Ngf3 a6 6. dxc5 Bxc5 7. Nb3 Bb6 8.
Be2 Nf6 9. O-O O-O 10. Bg5 Nc6 11. c3 Re8 12. Qc2 h6 13. Bh4 g5 14. Bg3 Ne4 15.
Rad1 Bf5 16. Bd3 Qf6 17. Kh1 Rac8 18. a3 Bg6 19. Nc1 Qe6 20. Qb3 Ba7 21. Qxb7
Nc5 22. Nd4 Nxb7 23. Nxe6 Bxd3 24. Nc7 Bxf1 25. Nxe8 Rxe8 26. Rxf1 Nc5 27. Rd1
Ne4 28. Kg1 f5 29. Kf1 f4 30. Rxd5 fxg3 31. fxg3 Rf8+ 32. Ke2 Rf2+ 33. Kd3 Nf6
0-1

[Event "Bundesliga 9697"]
[Site "Deutschland"]
[Date "1996.??.??"]
[Round "?.2"]
[White "Hausrath, Daniel"]
[Black "Lutz, Christopher"]
[Result "1/2-1/2"]
[WhiteElo "2440"]
[BlackElo "2565"]
[PlyCount "41"]
[EventDate "1996.10.??"]
[EventType "team"]
[EventRounds "15"]
[EventCountry "GER"]
[SourceTitle "Bundesliga 9697"]
[Source "DeepChess"]
[SourceDate "2005.01.01"]
[SourceVersion "1"]
[SourceVersionDate "2005.01.01"]
[SourceQuality "1"]
[WhiteTeam "PSV/BSV Wuppertal 1921 e.V."]
[BlackTeam "SG Porz e.V."]
[WhiteTeamCountry "GER"]
[BlackTeamCountry "GER"]

1. d4 f5 2. g3 Nf6 3. Bg2 g6 4. Nf3 Bg7 5. O-O O-O 6. c4 d6 7. Nc3 Qe8 8. Nd5
Nxd5 9. cxd5 Qb5 10. Ng5 c6 11. a4 Qb6 12. dxc6 bxc6 13. e3 a5 14. Qc2 Bd7 15.
Bd2 Na6 16. Rfc1 Rfc8 17. b4 Nxb4 18. Bxb4 axb4 19. Qb3+ e6 20. Nxe6 d5 21. Nc5
1/2-1/2

[Event "Bundesliga 9697"]
[Site "Deutschland"]
[Date "1996.??.??"]
[Round "?.4"]
[White "Sukharisingh, Ralf"]
[Black "Vaganian, Rafael A"]
[Result "0-1"]
[WhiteElo "2400"]
[BlackElo "2595"]
[PlyCount "70"]
[EventDate "1996.10.??"]
[EventType "team"]
[EventRounds "15"]
[EventCountry "GER"]
[SourceTitle "Bundesliga 9697"]
[Source "DeepChess"]
[SourceDate "2005.01.01"]
[SourceVersion "1"]
[SourceVersionDate "2005.01.01"]
[SourceQuality "1"]
[WhiteTeam "PSV/BSV Wuppertal 1921 e.V."]
[BlackTeam "SG Porz e.V."]
[WhiteTeamCountry "GER"]
[BlackTeamCountry "GER"]

1. d4 e6 2. Nf3 Nf6 3. g3 d5 4. Bg2 Be7 5. O-O O-O 6. c4 c6 7. Qc2 Nbd7 8. b3
b6 9. Nc3 Ba6 10. Nd2 b5 11. Re1 bxc4 12. bxc4 dxc4 13. Qa4 Qc8 14. Qxc6 Nb6
15. Rb1 Qd8 16. e3 Nfd5 17. Nxd5 exd5 18. Bh3 f5 19. Rxb6 axb6 20. Bg2 Kh8 21.
Qxd5 c3 22. Nb1 Qxd5 23. Bxd5 Bb4 24. Bxa8 Rxa8 25. Ba3 Bxa3 26. Nxa3 Bd3 27.
Nb1 c2 28. Nd2 Rxa2 29. Nb3 Be4 30. Nc1 Ra1 31. Kf1 Bf3 32. d5 Kg8 33. d6 Kf8
34. Nb3 Rd1 35. Nc1 Ke8 0-1

[Event "Bundesliga 9697"]
[Site "Deutschland"]
[Date "1996.??.??"]
[Round "?.5"]
[White "Stangl, Markus"]
[Black "Schiffer, Kai Uwe"]
[Result "1/2-1/2"]
[WhiteElo "2565"]
[BlackElo "2340"]
[PlyCount "117"]
[EventDate "1996.10.??"]
[EventType "team"]
[EventRounds "15"]
[EventCountry "GER"]
[SourceTitle "Bundesliga 9697"]
[Source "DeepChess"]
[SourceDate "2005.01.01"]
[SourceVersion "1"]
[SourceVersionDate "2005.01.01"]
[SourceQuality "1"]
[WhiteTeam "SG Porz e.V."]
[BlackTeam "PSV/BSV Wuppertal 1921 e.V."]
[WhiteTeamCountry "GER"]
[BlackTeamCountry "GER"]

1. Nf3 d5 2. c4 e6 3. g3 Nf6 4. Bg2 c5 5. cxd5 exd5 6. d4 Nc6 7. O-O Be7 8.
dxc5 Bxc5 9. Qc2 Bb6 10. Bg5 h6 11. Bxf6 Qxf6 12. Nc3 Be6 13. Na4 O-O 14. Rfc1
Rfe8 15. Nxb6 axb6 16. Qb3 Ra6 17. Qb5 Bf5 18. Rd1 Rd8 19. Rd2 Be4 20. Rad1
Rxa2 21. Qxb6 Rda8 22. Ne1 Na5 23. Qxf6 gxf6 24. f3 Bg6 25. b4 Nc4 26. Rxa2
Rxa2 27. Kf2 Rb2 28. Rxd5 Rxb4 29. f4 Bb1 30. Rd7 b5 31. Bd5 Nb6 32. Bxf7+ Kf8
33. Rc7 Na8 34. Rc8+ Kxf7 35. Rxa8 Be4 36. Ra7+ Kg6 37. Ke3 f5 38. Ra6+ Kg7 39.
Rb6 Rb2 40. Nd3 Bxd3 41. Kxd3 b4 42. e4 Rxh2 43. exf5 Rh3 44. Rg6+ Kf7 45. Kc4
h5 46. Kxb4 h4 47. g4 Rf3 48. Kc5 Rxf4 49. Kd5 h3 50. Ke5 h2 51. Rh6 Rxg4 52.
Rxh2 Ra4 53. Rh7+ Kf8 54. Kf6 Ra6+ 55. Kg5 Rb6 56. Ra7 Rc6 57. Kf4 Rb6 58. Ke5
Rb5+ 59. Ke6 1/2-1/2